|
|
|
|
| LEADER |
01719nam a2200265 a 4500 |
| 001 |
GR-MES14772 |
| 008 |
060105s2005 gr e 000 0 gre d |
| 020 |
|
|
|a 9601609547
|
| 040 |
|
|
|a GrPaTEI
|b gre
|c GR-PaULI
|
| 040 |
|
|
|a GrPaTEI
|b gre
|c GR-PaULI
|
| 082 |
|
0 |
|1 Ποιοτικός έλεγχος:Διοίκσπαραγωγής
|a 658.562
|2 21
|
| 100 |
1 |
|
|a Μπλάνας, Γεώργιος Ν.
|
| 245 |
1 |
0 |
|a Δικτύωση ολικής ποιότητας /
|c Γεώργιος Ν. Μπλάνας.
|
| 260 |
|
|
|a Αθήνα :
|b Εκδόσεις Πατάκη,
|c 2005
|
| 300 |
|
|
|a 222 σ. :
|b σχ. ;
|c 24 εκ.
|
| 490 |
0 |
|
|a Επιστήμη και Κοινωνία / Χρήστος Κόλλιας, Χάρης Ναξάκης, Μιχάλης Χλέτσος
|
| 504 |
|
|
|a Περιλαμβάνει βιβλιογραφία.
|
| 650 |
|
4 |
|a ΔΙΟΙΚΗΣΗ ΕΠΙΧΕΙΡΗΣΕΩΝ
|2 local
|
| 650 |
|
4 |
|a Ποιοτικός έλεγχος:Διοίκηση παραγωγής
|
| 942 |
|
|
|2 ddc
|
| 952 |
|
|
|0 0
|1 0
|2 ddc
|4 0
|6 658_562000000000000_ΜΠΛ
|7 0
|9 272664
|a MSLG
|b MSLG
|c BSC
|d 2021-01-17
|e 24
|f 0
|g 0.00
|l 0
|o 658.562 ΜΠΛ
|p 2420000023310
|r 2021-01-17 00:00:00
|t 1
|w 2021-01-17
|y BK15
|x 20090211 0 ΤΣΑΝΤΑΡΛΙΩΤΗ 1
|x GrPaTEI
|
| 952 |
|
|
|0 0
|1 0
|2 ddc
|4 0
|6 658_562000000000000_ΜΠΛ
|7 0
|9 272665
|a MSLG
|b MSLG
|c BSC
|d 2021-01-17
|e 24
|f 0
|g 0.00
|l 0
|o 658.562 ΜΠΛ
|p 2420000023311
|r 2021-01-17 00:00:00
|t 1
|w 2021-01-17
|y BK15
|x 20090211 0 ΤΣΑΝΤΑΡΛΙΩΤΗ 1
|x GrPaTEI
|
| 952 |
|
|
|0 0
|1 0
|2 ddc
|4 0
|6 658_562000000000000_ΜΠΛ
|7 0
|9 272666
|a MSLG
|b MSLG
|c BSC
|d 2021-01-17
|e 24
|f 0
|g 0.00
|l 0
|o 658.562 ΜΠΛ
|p 2420000024627
|r 2021-01-17 00:00:00
|t 1
|w 2021-01-17
|y BK15
|x 20140704 0 Κ.Γ. 1
|x GrPaTEI
|
| 971 |
|
|
|a .b25808217
|b 15-04-20
|c 13-09-16
|
| 999 |
|
|
|c 157734
|d 157734
|